A Book of Old Ballads — Complete (Record no. 236855)
[ view plain ]
| 000 -LEADER | |
|---|---|
| fixed length control field | 01640cam a22002413a 4500 |
| 001 - CONTROL NUMBER | |
| control field | 7535 |
| 003 - CONTROL NUMBER IDENTIFIER | |
| control field | PGUSA |
| 005 - DATE AND TIME OF LATEST TRANSACTION | |
| control field | 20140828083146.0 |
| 008 - FIXED-LENGTH DATA ELEMENTS--GENERAL INFORMATION | |
| fixed length control field | 050201s2005||||xxu|||||s|||||000 | eng d |
| 040 ## - CATALOGING SOURCE | |
| Original cataloging agency | PGUSA |
| Language of cataloging | eng |
| 042 ## - AUTHENTICATION CODE | |
| Authentication code | dc |
| 050 #4 - LIBRARY OF CONGRESS CALL NUMBER | |
| Classification number | PR |
| 245 12 - TITLE STATEMENT | |
| Title | A Book of Old Ballads — Complete |
| Medium | [electronic resource] |
| 260 ## - PUBLICATION, DISTRIBUTION, ETC. (IMPRINT) | |
| Name of publisher, distributor, etc | Project Gutenberg, |
| Date of publication, distribution, etc | 2005 |
| 505 0# - FORMATTED CONTENTS NOTE | |
| Formatted contents note | Foreword -- Mandalay -- The frolicksome duke -- The knight and shepherd's daughter -- King Estmere -- King John and the Abbot of Canterbury -- Barbara Allen's Cruelty -- Fair Rosamond -- Robin Hood and Guy of Gisborne -- The boy and the mantle -- The heir of Linne -- King Cophetua and the beggar maid -- Sir Andrew Barton -- May Collin -- The blind beggar's daughter of Bednall Green -- Thomas the rhymer -- Young Beichan -- Brave Lord Willoughbey -- The Spanish lady's love -- The friar of orders gray -- Clerk Colvill -- Sir Aldingar -- Edom O' Gordon -- Chevy Chace -- Sir Lancelot du Lake -- Gil Morrice -- The Child of Elle -- Child Waters -- King Edward IV and the tanner of Tamworth -- Sir Patrick Spens -- The Earl of Mar's daughter -- Edward, Edward -- King Leir and his three daughters -- Hynd Horn -- John Brown's body -- Tipperary -- The bailiff's daughter of Islington -- The three ravens -- The gaberlunzie man -- The wife of Usher's Well -- The lye -- The ballad of Reading Gaol. |
| 506 ## - RESTRICTIONS ON ACCESS NOTE | |
| Terms governing access | Public domain in the USA. |
| 516 ## - TYPE OF COMPUTER FILE OR DATA NOTE | |
| Type of computer file or data note | Electronic text |
| 653 ## - INDEX TERM--UNCONTROLLED | |
| Uncontrolled term | Ballads, English -- Texts |
| 700 1# - ADDED ENTRY--PERSONAL NAME | |
| Personal name | Nichols, Beverley, |
| Dates associated with a name | 1898-1983 |
| 830 #0 - SERIES ADDED ENTRY--UNIFORM TITLE | |
| Uniform title | Project Gutenberg |
| Volume number/sequential designation | 7535 |
| 856 40 - ELECTRONIC LOCATION AND ACCESS | |
| Uniform Resource Identifier | <a href="http://www.gutenberg.org/ebooks/7535">http://www.gutenberg.org/ebooks/7535</a> |
| 942 ## - ADDED ENTRY ELEMENTS (KOHA) | |
| Koha item type | eBooks |
| Withdrawn status | Lost status | Damaged status | Home library | Current library | Date acquired | Total Checkouts | Date last seen | Price effective from | Koha item type |
|---|---|---|---|---|---|---|---|---|---|
| Project Gutenberg | Project Gutenberg | 08/28/2014 | 08/28/2014 | 08/28/2014 | eBooks |